Tour du monde en 20 questions ! [Difficile] - Statistiques

Statistiques générales
  • Ce quiz a été pris 39 fois
    18 depuis la dernière actualisation
  • Le résultat moyen est 13 sur 20
Statistiques - réponses
Question Réponse % Correct
En quelle année Christophe Colomb a-t-il découvert l'Amérique ? 1492
100%
Quel est l'os le plus long du corps humain ? Fémur
94%
Quelle est la capitale des Philippines ? Manille
94%
En quelle année a été fondée l'ONU ? 1945
88%
Quelle est la capitale du Kazakhstan ? Astana
88%
Qui a développé la théorie de la relativité ? Einstein
88%
Qui a peint "La Nuit étoilée" ? Van Gogh
82%
En quelle année a été construite la Tour Eiffel ? 1889
76%
Quel est le symbole chimique du tungstène ? W
76%
Quelle est la plus longue chaîne de montagnes du monde ? Andes
71%
Quel est le point le plus profond des océans ? Fosse des Mariannes
71%
Combien de 0 contiennent 3 Googol ? 100
65%
Quel pays a la plus longue côte maritime du monde ? Canada
65%
Quelle est la monnaie de la Corée du Sud ? Won
59%
Quel est le pays le plus densément peuplé ? Monaco
53%
Combien de vertèbres a la colonne vertébrale humaine ? 33
47%
Quel scientifique a découvert la pénicilline ? Alexander Fleming
47%
Quelle est la glande la plus grande du corps humain ? Foie
24%
Quelle est la capacité en mL d'une bouteille Sodastream ? 840
18%
Quelle est la deuxième langue la plus parlée au Brésil ? Le Platt
12%
Aucun quiz correspondant
Distribution des résultats
% des personnes avec chaque résultat
Percentile par nombre de réponses
Votre historique - résultats
Vous n’avez pas pris ce quiz depuis la dernière actualisation